000 02745nam a22003737a 4500
005 20090604114529.0
008 090604t xxu||||| |||| 00| 0 eng d
010 _aENG-93882
020 _a8185723954
_c695.00
035 _aEN-77415
035 _aB-360994-361001
037 _bDBAD / PUB
037 _bPUB
040 _adpl
_bEnglish
082 _a883.092
245 _aRushdie the novelist:
_cedited by Meenakshi Bharat
_bfrom Grimus to the enchantress of florence /
260 _aNew Delhi
_bPencraft International
_c2009
270 _a4262/3, Ansari Road, Darya Ganj,
_bNew Delhi
_e110002
300 _a332p.
_c22cm(Hb)
500 _aIncludes index
600 _aRushdie, Salman
_xCriticism and interpretation
700 _aBharat, Meenakshi
942 _2ddc
_cEN
_mRUS
_h883.092
999 _c27204
_d27204